Statistics for Colours of the Rainbow in Alphabetical Order

Click here to take the quiz!

General Stats

  • This quiz has been taken 18 times
  • The average score is 4 of 7

Answer Stats

Colour% Correct
Blue
100%
Green
69%
Indigo
46%
Red
46%
Orange
38%
Yellow
38%
Violet
31%

Score Distribution

Percentile by Number Answered

Percent of People with Each Score

Your Score History

You have not taken this quiz